[Event "45th FIDE Chess Olympiad Open"]
[Site "Budapest, Hungary"]
[Date "2024.09.22"]
[Round "11"]
[White "Monnaatsheko, Keletshabile"]
[Black "Ilkhomi, Jaloliddin"]
[Result "1/2-1/2"]
[Board "203"]
[WhiteFideId "11302941"]
[BlackFideId "14700948"]
[BlackTitle "FM"]
[WhiteElo "2064"]
[BlackElo "2227"]
[WhiteTeam "Botswana"]
[BlackTeam "Tajikistan"]
[WhiteClock "0:10:50"]
[BlackClock "0:28:30"]
[Variant "Standard"]

1. d4 {[%clk 1:29:12]}  Nf6 {[%clk 1:30:53]} 2. Nf3 {[%clk 1:29:33]}  e6 {[%clk 1:31:16]} 3. Bg5 {[%clk 1:29:51]}  Be7 {[%clk 1:30:48]} 4. Nbd2 {[%clk 1:29:59]}  b6 {[%clk 1:29:13]} 5. e3 {[%clk 1:30:10]}  Bb7 {[%clk 1:28:48]} 6. Bd3 {[%clk 1:30:34]}  c5 {[%clk 1:26:49]} 7. c3 {[%clk 1:30:43]}  cxd4 {[%clk 1:26:58]} 8. exd4 {[%clk 1:30:52]}  d6 {[%clk 1:26:01]} 9. O-O {[%clk 1:29:37]}  O-O {[%clk 1:26:25]} 10. a4 {[%clk 1:28:59]}  a6 {[%clk 1:26:40]} 11. Qe2 {[%clk 1:27:06]}  Nbd7 {[%clk 1:26:32]} 12. Rfe1 {[%clk 1:25:22]}  Re8 {[%clk 1:25:46]} 13. Rad1 {[%clk 1:24:28]}  Nf8 {[%clk 1:25:22]} 14. Nc4 {[%clk 1:23:03]}  Nd5 {[%clk 1:16:37]} 15. Bc1 {[%clk 1:17:15]}  b5 {[%clk 1:16:25]} 16. Na3 {[%clk 1:02:30]}  bxa4 {[%clk 1:07:57]} 17. c4 {[%clk 0:56:12]}  Nb4 {[%clk 1:05:46]} 18. Bb1 {[%clk 0:56:19]}  Bf6 {[%clk 1:03:20]} 19. Bd2 {[%clk 0:52:43]}  Nc6 {[%clk 1:01:02]} 20. Bc3 {[%clk 0:51:17]}  Na5 {[%clk 1:00:33]} 21. Qd2 {[%clk 0:42:48]}  Nb3 {[%clk 0:59:56]} 22. Qf4 {[%clk 0:42:58]}  Rc8 {[%clk 0:47:52]} 23. Qg4 {[%clk 0:25:02]}  Ng6 {[%clk 0:45:49]} 24. Re3 {[%clk 0:19:25]}  Qc7 {[%clk 0:30:18]} 25. h4 {[%clk 0:17:50]}  Nf8 {[%clk 0:13:30]} 26. Ng5 {[%clk 0:16:24]}  e5 {[%clk 0:06:37]} 27. d5 {[%clk 0:16:17]}  Bxg5 {[%clk 0:04:33]} 28. hxg5 {[%clk 0:14:29]}  Rcd8 {[%clk 0:04:56]} 29. Rde1 {[%clk 0:10:03]}  Nc5 {[%clk 0:04:11]} 30. f4 {[%clk 0:09:28]}  Bc8 {[%clk 0:02:51]} 31. Qh4 {[%clk 0:08:16]}  e4 {[%clk 0:02:24]} 32. Bxe4 {[%clk 0:07:57]}  Nxe4 {[%clk 0:02:40]} 33. Rxe4 {[%clk 0:08:02]}  Rxe4 {[%clk 0:02:55]} 34. Rxe4 {[%clk 0:08:20]}  Bf5 {[%clk 0:03:09]} 35. Re3 {[%clk 0:06:55]}  Qd7 {[%clk 0:01:50]} 36. Qe1 {[%clk 0:06:24]}  Ng6 {[%clk 0:02:07]} 37. g3 {[%clk 0:05:20]}  Rc8 {[%clk 0:02:01]} 38. Qd2 {[%clk 0:05:20]}  Re8 {[%clk 0:00:42]} 39. Qd4 {[%clk 0:05:34]}  f6 {[%clk 0:01:11]} 40. gxf6 {[%clk 0:05:24]}  gxf6 {[%clk 0:01:32]} 41. Kf2 {[%clk 0:03:59]}  Rxe3 {[%clk 0:01:07]} 42. Qxe3 {[%clk 0:04:00]}  Kf7 {[%clk 0:29:33]} 43. c5 {[%clk 0:21:27]}  dxc5 {[%clk 0:26:35]} 44. Qxc5 {[%clk 0:21:46]}  Ne7 {[%clk 0:14:11]} 45. d6 {[%clk 0:14:22]}  Qc6 {[%clk 0:14:01]} 46. Qc4+ {[%clk 0:06:50]}  Qxc4 {[%clk 0:12:18]} 47. Nxc4 {[%clk 0:07:19]}  Nc8 {[%clk 0:12:43]} 48. Ke3 {[%clk 0:05:13]}  Ke6 {[%clk 0:13:05]} 49. d7 {[%clk 0:04:45]}  Kxd7 {[%clk 0:13:05]} 50. Bxf6 {[%clk 0:04:59]}  Ke6 {[%clk 0:13:18]} 51. Bd4 {[%clk 0:01:16]}  Kd5 {[%clk 0:13:24]} 52. Nb6+ {[%clk 0:00:44]}  Nxb6 {[%clk 0:13:42]} 53. Bxb6 {[%clk 0:01:12]}  Kc4 {[%clk 0:13:39]} 54. Kf3 {[%clk 0:00:57]}  h5 {[%clk 0:14:07]} 55. Ke3 {[%clk 0:00:44]}  Bb1 {[%clk 0:11:28]} 56. Kd2 {[%clk 0:00:44]}  Be4 {[%clk 0:11:39]} 57. Bc7 {[%clk 0:00:59]}  Bf5 {[%clk 0:11:38]} 58. Bd6 {[%clk 0:01:05]}  Kb3 {[%clk 0:10:33]} 59. Ba3 {[%clk 0:01:25]}  Kc4 {[%clk 0:10:56]} 60. Ke3 {[%clk 0:01:53]}  Bg6 {[%clk 0:04:22]} 61. Be7 {[%clk 0:02:04]}  Bf5 {[%clk 0:04:33]} 62. Bf8 {[%clk 0:02:27]}  Bg6 {[%clk 0:04:57]} 63. Ba3 {[%clk 0:02:07]}  Bf5 {[%clk 0:05:25]} 64. Bd6 {[%clk 0:01:28]}  Bg6 {[%clk 0:05:53]} 65. Be7 {[%clk 0:01:50]}  Bf5 {[%clk 0:06:18]} 66. Bf8 {[%clk 0:02:11]}  Bg6 {[%clk 0:06:34]} 67. Ba3 {[%clk 0:02:34]}  Bf5 {[%clk 0:07:00]} 68. Bd6 {[%clk 0:02:57]}  Bg6 {[%clk 0:07:26]} 69. f5 {[%clk 0:02:56]}  Bxf5 {[%clk 0:07:53]} 70. Kf4 {[%clk 0:03:11]}  Bg4 {[%clk 0:08:17]} 71. Ba3 {[%clk 0:03:21]}  Kb3 {[%clk 0:08:45]} 72. Kg5 {[%clk 0:03:28]}  a5 {[%clk 0:09:05]} 73. Kf4 {[%clk 0:03:52]}  Kc4 {[%clk 0:09:33]} 74. Bf8 {[%clk 0:04:08]}  Kd4 {[%clk 0:09:56]} 75. Bg7+ {[%clk 0:04:09]}  Kc4 {[%clk 0:10:18]} 76. Bf8 {[%clk 0:04:26]}  Kd5 {[%clk 0:10:39]} 77. Ba3 {[%clk 0:04:31]}  Bd1 {[%clk 0:10:58]} 78. Bf8 {[%clk 0:02:13]}  Be2 {[%clk 0:11:13]} 79. Ke3 {[%clk 0:02:26]}  Bg4 {[%clk 0:11:35]} 80. Kf4 {[%clk 0:02:54]}  Ke6 {[%clk 0:11:41]} 81. Ba3 {[%clk 0:03:23]}  Kd5 {[%clk 0:11:52]} 82. Be7 {[%clk 0:03:31]}  Kd4 {[%clk 0:12:19]} 83. Bf6+ {[%clk 0:03:17]}  Kc4 {[%clk 0:12:41]} 84. Be7 {[%clk 0:03:39]}  Kd4 {[%clk 0:13:03]} 85. Ba3 {[%clk 0:04:01]}  Kd3 {[%clk 0:13:28]} 86. Bd6 {[%clk 0:04:20]}  Kd4 {[%clk 0:13:54]} 87. Bf8 {[%clk 0:04:42]}  Kd3 {[%clk 0:14:12]} 88. Kg5 {[%clk 0:04:41]}  Ke4 {[%clk 0:14:32]} 89. Kh4 {[%clk 0:04:43]}  Ke5 {[%clk 0:14:46]} 90. Be7 {[%clk 0:03:53]}  Kd5 {[%clk 0:15:07]} 91. Ba3 {[%clk 0:04:19]}  Ke5 {[%clk 0:15:26]} 92. Bf8 {[%clk 0:04:36]}  Kd5 {[%clk 0:15:50]} 93. Kg5 {[%clk 0:04:54]}  Ke5 {[%clk 0:16:15]} 94. Ba3 {[%clk 0:05:02]}  Ke4 {[%clk 0:16:38]} 95. Bd6 {[%clk 0:05:08]}  Kd5 {[%clk 0:17:04]} 96. Bc7 {[%clk 0:03:19]}  Kc4 {[%clk 0:17:28]} 97. Bd6 {[%clk 0:03:29]}  Kd5 {[%clk 0:17:49]} 98. Bf8 {[%clk 0:03:53]}  Kc4 {[%clk 0:18:13]} 99. Kf4 {[%clk 0:04:11]}  Kd4 {[%clk 0:18:31]} 100. Be7 {[%clk 0:04:39]}  Kd5 {[%clk 0:18:56]} 101. Ke3 {[%clk 0:04:37]}  Kc4 {[%clk 0:19:17]} 102. Kd2 {[%clk 0:04:29]}  Bf5 {[%clk 0:19:39]} 103. Ba3 {[%clk 0:03:21]}  Bg4 {[%clk 0:20:06]} 104. Ke3 {[%clk 0:03:41]}  Bf5 {[%clk 0:20:33]} 105. Kf4 {[%clk 0:04:00]}  Bg4 {[%clk 0:20:59]} 106. Ke3 {[%clk 0:04:27]}  Bf5 {[%clk 0:21:24]} 107. Bf8 {[%clk 0:04:51]}  Bg4 {[%clk 0:21:50]} 108. Kf4 {[%clk 0:05:05]}  Kd4 {[%clk 0:22:15]} 109. Kg5 {[%clk 0:05:26]}  Kd5 {[%clk 0:22:05]} 110. Kh4 {[%clk 0:05:44]}  Kd4 {[%clk 0:22:28]} 111. Bg7+ {[%clk 0:05:56]}  Kc4 {[%clk 0:22:47]} 112. Bf8 {[%clk 0:06:15]}  Kd5 {[%clk 0:23:10]} 113. Kg5 {[%clk 0:06:32]}  Kd4 {[%clk 0:23:35]} 114. Ba3 {[%clk 0:06:32]}  Ke5 {[%clk 0:23:55]} 115. Kh4 {[%clk 0:06:41]}  Ke6 {[%clk 0:24:15]} 116. Kg5 {[%clk 0:06:59]}  Ke5 {[%clk 0:24:44]} 117. Bf8 {[%clk 0:07:25]}  Ke4 {[%clk 0:25:07]} 118. Kh4 {[%clk 0:07:44]}  Ke5 {[%clk 0:25:20]} 119. Bg7+ {[%clk 0:07:55]}  Kd5 {[%clk 0:25:45]} 120. Bf8 {[%clk 0:08:16]}  Ke5 {[%clk 0:26:06]} 121. Ba3 {[%clk 0:08:27]}  Ke4 {[%clk 0:26:31]} 122. Kg5 {[%clk 0:08:47]}  Ke5 {[%clk 0:26:47]} 123. Kh4 {[%clk 0:09:08]}  Ke4 {[%clk 0:27:15]} 124. Bd6 {[%clk 0:09:23]}  Kd5 {[%clk 0:27:41]} 125. Bf8 {[%clk 0:09:42]}  Kd4 {[%clk 0:27:40]} 126. Kg5 {[%clk 0:10:05]}  Kd5 {[%clk 0:28:05]} 127. Kf4 {[%clk 0:10:29]}  Kd4 {[%clk 0:28:30]} 128. Bg7+ {[%clk 0:10:50]} 1/2-1/2

[Event "45th FIDE Chess Olympiad Open"]
[Site "Budapest, Hungary"]
[Date "2024.09.22"]
[Round "11"]
[White "Kabilov, Amin"]
[Black "Bayani, Kuda"]
[Result "1-0"]
[Board "204"]
[WhiteFideId "14700859"]
[BlackFideId "11305924"]
[WhiteTitle "CM"]
[WhiteElo "2212"]
[BlackElo "1931"]
[WhiteTeam "Tajikistan"]
[BlackTeam "Botswana"]
[WhiteClock "0:04:59"]
[BlackClock "0:02:07"]
[Variant "Standard"]

1. d4 {[%clk 1:30:52]}  Nf6 {[%clk 1:30:07]} 2. c4 {[%clk 1:30:46]}  e6 {[%clk 1:28:42]} 3. Nf3 {[%clk 1:30:34]}  d5 {[%clk 1:27:49]} 4. Nc3 {[%clk 1:30:53]}  Nbd7 {[%clk 1:23:19]} 5. Qc2 {[%clk 1:31:00]}  c6 {[%clk 1:23:40]} 6. cxd5 {[%clk 1:22:36]}  exd5 {[%clk 1:23:43]} 7. Bf4 {[%clk 1:22:53]}  Be7 {[%clk 1:23:35]} 8. h3 {[%clk 1:23:01]}  O-O {[%clk 1:20:27]} 9. e3 {[%clk 1:22:58]}  Re8 {[%clk 1:20:39]} 10. Bd3 {[%clk 1:16:57]}  Nf8 {[%clk 1:16:32]} 11. Bh2 {[%clk 1:11:03]}  Bd6 {[%clk 1:13:59]} 12. Ne5 {[%clk 1:10:22]}  Qe7 {[%clk 1:12:34]} 13. O-O-O {[%clk 0:47:10]}  N6d7 {[%clk 1:04:59]} 14. f4 {[%clk 0:30:26]}  f6 {[%clk 1:04:05]} 15. e4 {[%clk 0:30:43]}  fxe5 {[%clk 0:56:55]} 16. dxe5 {[%clk 0:31:06]}  Nxe5 {[%clk 0:46:59]} 17. fxe5 {[%clk 0:30:38]}  Bxe5 {[%clk 0:47:10]} 18. Bxe5 {[%clk 0:22:24]}  Qxe5 {[%clk 0:46:11]} 19. exd5 {[%clk 0:22:45]}  cxd5 {[%clk 0:46:02]} 20. Rhe1 {[%clk 0:19:01]}  Qg5+ {[%clk 0:43:00]} 21. Qd2 {[%clk 0:19:24]}  Qxd2+ {[%clk 0:42:33]} 22. Kxd2 {[%clk 0:19:50]}  Be6 {[%clk 0:42:23]} 23. Nb5 {[%clk 0:19:17]}  Re7 {[%clk 0:27:43]} 24. Rc1 {[%clk 0:17:40]}  a6 {[%clk 0:12:17]} 25. Nd4 {[%clk 0:17:26]}  Rae8 {[%clk 0:12:11]} 26. Re3 {[%clk 0:14:51]}  g6 {[%clk 0:11:49]} 27. Rce1 {[%clk 0:09:53]}  Kf7 {[%clk 0:12:04]} 28. Rf1+ {[%clk 0:01:29]}  Kg7 {[%clk 0:11:51]} 29. Rc1 {[%clk 0:01:50]}  Bg8 {[%clk 0:10:50]} 30. Rxe7+ {[%clk 0:02:02]}  Rxe7 {[%clk 0:11:07]} 31. Rc8 {[%clk 0:02:20]}  Ne6 {[%clk 0:10:57]} 32. Ne2 {[%clk 0:02:02]}  Ng5 {[%clk 0:11:11]} 33. a3 {[%clk 0:01:30]}  Ne4+ {[%clk 0:10:37]} 34. Bxe4 {[%clk 0:01:47]}  dxe4 {[%clk 0:10:41]} 35. Ke3 {[%clk 0:02:11]}  h5 {[%clk 0:09:22]} 36. Nf4 {[%clk 0:01:19]}  Bf7 {[%clk 0:09:42]} 37. h4 {[%clk 0:01:43]}  Kf6 {[%clk 0:08:42]} 38. Rc5 {[%clk 0:00:44]}  Bg8 {[%clk 0:05:57]} 39. Rd5 {[%clk 0:00:54]}  Bf7 {[%clk 0:05:32]} 40. Rc5 {[%clk 0:00:35]}  Bg8 {[%clk 0:03:04]} 41. Rd5 {[%clk 0:00:44]}  Bf7 {[%clk 0:03:00]} 42. Rc5 {[%clk 0:27:04]}  Bg8 {[%clk 0:30:55]} 43. b4 {[%clk 0:21:35]}  Bf7 {[%clk 0:30:06]} 44. a4 {[%clk 0:16:57]}  Bg8 {[%clk 0:23:12]} 45. Rd5 {[%clk 0:09:31]}  Bf7 {[%clk 0:22:15]} 46. Rc5 {[%clk 0:09:55]}  Bg8 {[%clk 0:22:20]} 47. b5 {[%clk 0:07:25]}  axb5 {[%clk 0:21:31]} 48. Rxb5 {[%clk 0:07:31]}  Bf7 {[%clk 0:21:45]} 49. a5 {[%clk 0:07:55]}  Re5 {[%clk 0:21:28]} 50. Rb6+ {[%clk 0:07:26]}  Kg7 {[%clk 0:20:15]} 51. Rxb7 {[%clk 0:06:49]}  Rxa5 {[%clk 0:20:31]} 52. Kxe4 {[%clk 0:07:05]}  Kf6 {[%clk 0:19:51]} 53. Rb6+ {[%clk 0:07:28]}  Kg7 {[%clk 0:20:02]} 54. Rd6 {[%clk 0:06:03]}  g5 {[%clk 0:18:51]} 55. hxg5 {[%clk 0:06:12]}  Rxg5 {[%clk 0:19:11]} 56. Rb6 {[%clk 0:06:15]}  Ra5 {[%clk 0:19:37]} 57. Kf3 {[%clk 0:06:24]}  Ra3+ {[%clk 0:19:54]} 58. Kf2 {[%clk 0:06:23]}  Ra5 {[%clk 0:19:48]} 59. Rd6 {[%clk 0:06:04]}  Rb5 {[%clk 0:19:47]} 60. g3 {[%clk 0:05:48]}  Ra5 {[%clk 0:18:29]} 61. Kf3 {[%clk 0:04:57]}  Rb5 {[%clk 0:18:40]} 62. Ne2 {[%clk 0:04:08]}  Rb3+ {[%clk 0:16:53]} 63. Kf4 {[%clk 0:04:25]}  Rb4+ {[%clk 0:16:58]} 64. Nd4 {[%clk 0:04:32]}  Ra4 {[%clk 0:15:57]} 65. Kg5 {[%clk 0:04:47]}  Ra1 {[%clk 0:09:33]} 66. Nf5+ {[%clk 0:03:55]}  Kf8 {[%clk 0:09:58]} 67. Rd8+ {[%clk 0:03:16]}  Be8 {[%clk 0:10:09]} 68. Nd6 {[%clk 0:03:24]}  Ke7 {[%clk 0:09:32]} 69. Rxe8+ {[%clk 0:03:45]}  Kxd6 {[%clk 0:10:00]} 70. Kxh5 {[%clk 0:04:02]}  Rh1+ {[%clk 0:08:30]} 71. Kg5 {[%clk 0:04:25]}  Kd7 {[%clk 0:07:57]} 72. Re4 {[%clk 0:04:21]}  Rh8 {[%clk 0:07:57]} 73. g4 {[%clk 0:04:43]}  Kd6 {[%clk 0:08:19]} 74. Kf6 {[%clk 0:04:49]}  Kd5 {[%clk 0:08:43]} 75. Re5+ {[%clk 0:05:07]}  Kd6 {[%clk 0:08:29]} 76. Re2 {[%clk 0:05:26]}  Rf8 {[%clk 0:08:50]} 77. Kg7 {[%clk 0:05:38]}  Rf1 {[%clk 0:07:39]} 78. g5 {[%clk 0:05:55]}  Rf4 {[%clk 0:07:24]} 79. g6 {[%clk 0:06:09]}  Rg4 {[%clk 0:07:35]} 80. Kf7 {[%clk 0:06:26]}  Rf4+ {[%clk 0:07:45]} 81. Kg8 {[%clk 0:06:38]}  Rf1 {[%clk 0:05:00]} 82. Rh2 {[%clk 0:03:41]}  Ke7 {[%clk 0:04:51]} 83. g7 {[%clk 0:04:00]}  Rg1 {[%clk 0:02:04]} 84. Kh7 {[%clk 0:04:13]}  Kf7 {[%clk 0:01:51]} 85. g8=Q+ {[%clk 0:04:33]}  Rxg8 {[%clk 0:02:07]} 86. Rf2+ {[%clk 0:04:59]} 1-0

[Event "45th FIDE Chess Olympiad Open"]
[Site "Budapest, Hungary"]
[Date "2024.09.22"]
[Round "11"]
[White "Asabri, Hussien"]
[Black "Susilodinata, Andrean"]
[Result "1/2-1/2"]
[Board "205"]
[WhiteFideId "9200177"]
[BlackFideId "7101651"]
[WhiteTitle "FM"]
[BlackTitle "FM"]
[WhiteElo "2196"]
[BlackElo "2393"]
[WhiteTeam "Libya"]
[BlackTeam "Indonesia"]
[WhiteClock "0:01:11"]
[BlackClock "0:04:15"]
[Variant "Standard"]

1. d4 {[%clk 1:30:48]}  d5 {[%clk 1:30:56]} 2. Nf3 {[%clk 1:31:05]}  Nf6 {[%clk 1:31:18]} 3. c4 {[%clk 1:30:41]}  c6 {[%clk 1:31:32]} 4. Nc3 {[%clk 1:31:00]}  dxc4 {[%clk 1:31:43]} 5. Ne5 {[%clk 1:30:50]}  b5 {[%clk 1:29:19]} 6. g3 {[%clk 1:30:17]}  e6 {[%clk 1:23:40]} 7. Bg2 {[%clk 1:27:19]}  a6 {[%clk 1:24:05]} 8. O-O {[%clk 1:27:07]}  Bb7 {[%clk 1:24:05]} 9. a4 {[%clk 1:27:07]}  Qb6 {[%clk 1:10:27]} 10. b3 {[%clk 1:23:11]}  cxb3 {[%clk 0:59:08]} 11. Qxb3 {[%clk 1:21:44]}  b4 {[%clk 0:58:30]} 12. Rd1 {[%clk 1:10:33]}  a5 {[%clk 0:58:42]} 13. e4 {[%clk 1:02:02]}  Nbd7 {[%clk 0:53:12]} 14. Nxd7 {[%clk 0:49:16]}  Nxd7 {[%clk 0:52:19]} 15. Ne2 {[%clk 0:47:52]}  Ba6 {[%clk 0:45:34]} 16. Qf3 {[%clk 0:35:58]}  Be7 {[%clk 0:42:50]} 17. Bb2 {[%clk 0:34:56]}  O-O {[%clk 0:38:38]} 18. Nf4 {[%clk 0:32:35]}  Rfe8 {[%clk 0:36:02]} 19. d5 {[%clk 0:30:12]}  cxd5 {[%clk 0:25:52]} 20. exd5 {[%clk 0:30:17]}  e5 {[%clk 0:26:09]} 21. d6 {[%clk 0:24:49]}  Bf8 {[%clk 0:18:01]} 22. Nd5 {[%clk 0:23:46]}  Qxd6 {[%clk 0:17:50]} 23. Rac1 {[%clk 0:17:16]}  Bb7 {[%clk 0:07:53]} 24. Qf5 {[%clk 0:10:59]}  Qe6 {[%clk 0:06:40]} 25. Qxe6 {[%clk 0:10:28]}  fxe6 {[%clk 0:06:59]} 26. Nc7 {[%clk 0:09:36]}  Bxg2 {[%clk 0:07:23]} 27. Kxg2 {[%clk 0:08:47]}  Nc5 {[%clk 0:06:02]} 28. Nxa8 {[%clk 0:09:02]}  Rxa8 {[%clk 0:06:24]} 29. Bxe5 {[%clk 0:09:14]}  Nxa4 {[%clk 0:05:57]} 30. Rc7 {[%clk 0:05:25]}  Nc5 {[%clk 0:06:03]} 31. Rd4 {[%clk 0:05:30]}  a4 {[%clk 0:01:22]} 32. Bxg7 {[%clk 0:02:34]}  Bxg7 {[%clk 0:01:37]} 33. Rg4 {[%clk 0:02:54]}  a3 {[%clk 0:01:59]} 34. Rgxg7+ {[%clk 0:03:16]}  Kf8 {[%clk 0:02:21]} 35. Rxh7 {[%clk 0:03:12]}  Kg8 {[%clk 0:02:50]} 36. Rcg7+ {[%clk 0:01:54]}  Kf8 {[%clk 0:03:19]} 37. Rc7 {[%clk 0:01:43]}  Kg8 {[%clk 0:03:47]} 38. Rcg7+ {[%clk 0:01:11]}  Kf8 {[%clk 0:04:15]} 1/2-1/2

[Event "45th FIDE Chess Olympiad Open"]
[Site "Budapest, Hungary"]
[Date "2024.09.22"]
[Round "11"]
[White "Cahaya, Satria Duta"]
[Black "Alhassadi, Yousef A."]
[Result "0-1"]
[Board "206"]
[WhiteFideId "7124252"]
[BlackFideId "9204725"]
[WhiteTitle "FM"]
[BlackTitle "FM"]
[WhiteElo "2219"]
[BlackElo "2082"]
[WhiteTeam "Indonesia"]
[BlackTeam "Libya"]
[WhiteClock "0:14:23"]
[BlackClock "0:14:03"]
[Variant "Standard"]

1. e4 {[%clk 1:30:51]}  c5 {[%clk 1:30:49]} 2. Nf3 {[%clk 1:31:15]}  e6 {[%clk 1:31:14]} 3. d4 {[%clk 1:31:34]}  cxd4 {[%clk 1:31:17]} 4. Nxd4 {[%clk 1:31:54]}  Nf6 {[%clk 1:31:44]} 5. Nc3 {[%clk 1:32:13]}  Nc6 {[%clk 1:32:06]} 6. Ndb5 {[%clk 1:32:07]}  d6 {[%clk 1:31:43]} 7. Bf4 {[%clk 1:31:59]}  e5 {[%clk 1:32:04]} 8. Bg5 {[%clk 1:32:23]}  a6 {[%clk 1:31:56]} 9. Na3 {[%clk 1:32:20]}  b5 {[%clk 1:32:03]} 10. Nd5 {[%clk 1:32:35]}  Be7 {[%clk 1:32:21]} 11. Bxf6 {[%clk 1:32:33]}  Bxf6 {[%clk 1:32:44]} 12. c3 {[%clk 1:32:45]}  Ne7 {[%clk 1:32:33]} 13. Nxf6+ {[%clk 1:31:14]}  gxf6 {[%clk 1:31:24]} 14. Nc2 {[%clk 1:29:33]}  Bb7 {[%clk 1:30:11]} 15. Bd3 {[%clk 1:28:47]}  d5 {[%clk 1:29:37]} 16. Qe2 {[%clk 1:25:08]}  f5 {[%clk 1:28:21]} 17. exf5 {[%clk 1:19:55]}  e4 {[%clk 1:26:28]} 18. f6 {[%clk 1:20:07]}  Nf5 {[%clk 1:26:53]} 19. O-O-O {[%clk 0:51:50]}  Qxf6 {[%clk 1:22:16]} 20. Nb4 {[%clk 0:46:07]}  O-O-O {[%clk 0:55:19]} 21. Bb1 {[%clk 0:34:18]}  Rhe8 {[%clk 0:48:37]} 22. Nc2 {[%clk 0:28:38]}  Kb8 {[%clk 0:43:51]} 23. Qd2 {[%clk 0:26:53]}  Qe5 {[%clk 0:37:48]} 24. g3 {[%clk 0:19:32]}  b4 {[%clk 0:33:19]} 25. Qf4 {[%clk 0:10:26]}  Qxf4+ {[%clk 0:30:45]} 26. gxf4 {[%clk 0:10:55]}  bxc3 {[%clk 0:30:39]} 27. bxc3 {[%clk 0:11:24]}  Rc8 {[%clk 0:28:49]} 28. Kd2 {[%clk 0:10:19]}  Rc5 {[%clk 0:24:11]} 29. Rc1 {[%clk 0:09:23]}  Rec8 {[%clk 0:23:04]} 30. Nd4 {[%clk 0:05:48]}  Nxd4 {[%clk 0:22:36]} 31. cxd4 {[%clk 0:06:17]}  Rc4 {[%clk 0:22:51]} 32. Rxc4 {[%clk 0:05:17]}  Rxc4 {[%clk 0:23:15]} 33. f3 {[%clk 0:04:23]}  Rxd4+ {[%clk 0:16:23]} 34. Ke3 {[%clk 0:04:49]}  Rc4 {[%clk 0:16:31]} 35. fxe4 {[%clk 0:05:11]}  dxe4 {[%clk 0:16:56]} 36. f5 {[%clk 0:05:15]}  Kc7 {[%clk 0:16:13]} 37. Rd1 {[%clk 0:04:55]}  f6 {[%clk 0:16:19]} 38. Rd2 {[%clk 0:02:52]}  Rc1 {[%clk 0:06:40]} 39. Rc2+ {[%clk 0:01:12]}  Rxc2 {[%clk 0:06:40]} 40. Bxc2 {[%clk 0:01:41]}  Kd6 {[%clk 0:07:18]} 41. Kd4 {[%clk 0:27:00]}  a5 {[%clk 0:32:54]} 42. a3 {[%clk 0:23:29]}  e3 {[%clk 0:27:25]} 43. Bd3 {[%clk 0:23:47]}  Bc6 {[%clk 0:24:20]} 44. h4 {[%clk 0:20:23]}  Ba4 {[%clk 0:21:54]} 45. Kxe3 {[%clk 0:11:24]}  Ke5 {[%clk 0:22:18]} 46. Bc4 {[%clk 0:11:38]}  Bd7 {[%clk 0:22:04]} 47. Bg8 {[%clk 0:11:30]}  Bxf5 {[%clk 0:22:13]} 48. Kf3 {[%clk 0:11:56]}  Bc2 {[%clk 0:19:18]} 49. Ke3 {[%clk 0:12:00]}  h6 {[%clk 0:18:56]} 50. Bc4 {[%clk 0:12:11]}  Kf5 {[%clk 0:18:04]} 51. Be2 {[%clk 0:12:24]}  Ke5 {[%clk 0:17:36]} 52. Bc4 {[%clk 0:12:52]}  Be4 {[%clk 0:17:35]} 53. Bb3 {[%clk 0:12:35]}  f5 {[%clk 0:17:58]} 54. Bd1 {[%clk 0:12:38]}  f4+ {[%clk 0:17:40]} 55. Kf2 {[%clk 0:13:07]}  Kd4 {[%clk 0:17:56]} 56. Bf3 {[%clk 0:13:33]}  Bxf3 {[%clk 0:16:31]} 57. Kxf3 {[%clk 0:14:02]}  Ke5 {[%clk 0:13:23]} 58. Ke2 {[%clk 0:14:16]}  Kf5 {[%clk 0:13:42]} 59. Kf3 {[%clk 0:14:23]}  a4 {[%clk 0:14:03]} 0-1

[Event "45th FIDE Chess Olympiad Open"]
[Site "Budapest, Hungary"]
[Date "2024.09.22"]
[Round "11"]
[White "Naser Eldean,Ahmed"]
[Black "Mariano, Fabian Glen"]
[Result "0-1"]
[Board "207"]
[WhiteFideId "9205365"]
[BlackFideId "7129041"]
[BlackTitle "CM"]
[WhiteElo "1981"]
[BlackElo "2121"]
[WhiteTeam "Libya"]
[BlackTeam "Indonesia"]
[WhiteClock "0:05:14"]
[BlackClock "1:36:58"]
[Variant "Standard"]

1. e4 {[%clk 1:30:55]}  e5 {[%clk 1:30:55]} 2. Nf3 {[%clk 1:31:19]}  Nc6 {[%clk 1:31:21]} 3. Nc3 {[%clk 1:31:40]}  Nf6 {[%clk 1:31:45]} 4. d4 {[%clk 1:31:59]}  Bb4 {[%clk 1:31:51]} 5. d5 {[%clk 1:26:14]}  Ne7 {[%clk 1:32:13]} 6. Nxe5 {[%clk 1:24:40]}  O-O {[%clk 1:30:29]} 7. Qd4 {[%clk 1:18:22]}  Bxc3+ {[%clk 1:30:02]} 8. bxc3 {[%clk 1:18:38]}  Re8 {[%clk 1:29:42]} 9. Bd3 {[%clk 1:04:12]}  d6 {[%clk 1:29:08]} 10. Nc4 {[%clk 1:02:02]}  Nf5 {[%clk 1:28:45]} 11. Nxd6 {[%clk 0:55:15]}  Nxd4 {[%clk 1:28:23]} 12. Nxe8 {[%clk 0:55:43]}  Qxe8 {[%clk 1:28:19]} 13. cxd4 {[%clk 0:51:06]}  Nxe4 {[%clk 1:28:44]} 14. O-O {[%clk 0:51:32]}  Nd6 {[%clk 1:29:07]} 15. Bf4 {[%clk 0:51:29]}  Bf5 {[%clk 1:28:49]} 16. Bxf5 {[%clk 0:47:34]}  Nxf5 {[%clk 1:29:10]} 17. Bxc7 {[%clk 0:48:00]}  Qd7 {[%clk 1:29:33]} 18. Bf4 {[%clk 0:46:18]}  Nxd4 {[%clk 1:29:28]} 19. Kh1 {[%clk 0:44:25]}  Qxd5 {[%clk 1:29:13]} 20. c3 {[%clk 0:36:34]}  Ne2 {[%clk 1:29:06]} 21. Rad1 {[%clk 0:36:39]}  Nxf4 {[%clk 1:29:14]} 22. Rxd5 {[%clk 0:36:43]}  Nxd5 {[%clk 1:29:40]} 23. c4 {[%clk 0:37:01]}  Nb6 {[%clk 1:30:02]} 24. Rb1 {[%clk 0:37:07]}  Rc8 {[%clk 1:30:26]} 25. a4 {[%clk 0:36:53]}  Nxc4 {[%clk 1:30:11]} 26. Rxb7 {[%clk 0:37:14]}  Na5 {[%clk 1:30:37]} 27. Rb1 {[%clk 0:37:35]}  Nb3 {[%clk 1:30:59]} 28. g3 {[%clk 0:37:19]}  Rc1+ {[%clk 1:31:24]} 29. Rxc1 {[%clk 0:37:46]}  Nxc1 {[%clk 1:31:49]} 30. Kg2 {[%clk 0:38:13]}  Nb3 {[%clk 1:32:13]} 31. Kf3 {[%clk 0:38:36]}  Nc5 {[%clk 1:32:40]} 32. a5 {[%clk 0:32:54]}  Nb3 {[%clk 1:33:04]} 33. Ke4 {[%clk 0:03:39]}  Nxa5 {[%clk 1:33:26]} 34. Kd5 {[%clk 0:04:05]}  Nb7 {[%clk 1:33:44]} 35. Kc6 {[%clk 0:04:28]}  a5 {[%clk 1:34:09]} 36. Kb5 {[%clk 0:04:56]}  Kf8 {[%clk 1:34:33]} 37. Ka4 {[%clk 0:05:08]}  Ke7 {[%clk 1:34:58]} 38. Kb5 {[%clk 0:05:33]}  Ke6 {[%clk 1:35:21]} 39. Ka4 {[%clk 0:06:00]}  Ke5 {[%clk 1:35:42]} 40. Kb5 {[%clk 0:06:25]}  Ke4 {[%clk 1:36:08]} 41. Ka4 {[%clk 0:06:50]}  Kf3 {[%clk 1:36:31]} 42. Kb5 {[%clk 0:07:11]}  Kxf2 {[%clk 1:36:45]} 43. Ka4 {[%clk 0:05:14]}  f5 {[%clk 1:36:58]} 0-1